00592nam a22001697a 450000500170000001000150001702000260003203500140005803700090007208200120008110000230009324500590011626000490017527001360022430000390036070000230039920250120145306.0 aENG-143455 c995.00a9789388457606 aEN-126987 bDBAD a796.069 aDr. Agyajit Singh  aPshychological analysis of sports/cDr. Agyajit Singh  bFriends Publicaton (India)c2022aNew Delhi  a101, 4787/23, Ansari road, daryaganj, bNew Delhi e110002k01123246222k9811197091k9312220441mfriendspublicationsindia@gmail.com a205 p.c25 cm (pbk)bbibligraphics aDr. Agyajit Singh